| 000 | 00462cam a22001217a 4500 | ||
|---|---|---|---|
| 008 | 180718b2001 xxu||||| |||| 00| 0 eng d | ||
| 082 | _aR22068x54 In2/1997-98 | ||
| 245 |
_aOccupational wage survey (fifth round): report on ten manufacturing industries, 1997-98 _cby Labour Bureau, Ministry of Labour |
||
| 260 |
_aDelhi _bController of Publications _c2001 |
||
| 300 | _a270+p. | ||
| 650 | _aIndia - Manufactures | ||
| 700 | _aIndia. Ministry of Labour. Labour Bureau | ||
| 999 |
_c488146 _d488146 |
||